=LDR 00000nam 2200000 4500 =001 INLIS000000000013633 =005 20130612105008 =008 ***********************************Ind** =035 ##$$0010-061300000013633 =041 ##$$a Ind =082 ##$$a 512 =090 ##$$a 512, Bob c =100 ##$$a Bobrow, Jerry =245 ##$$a Cliffs Quick Review Aljabra, Jerry Bobrow, Ph.D =260 ##$$a 2003 $b Bandung =300 ##$$a ...jil, 21 cm =650 ##$$a Aljabar =850 ##$$a NBPNMAT